000 00367nam a22001697a 4500
003 UA-OsUOA
001 5006
007 ta
008 20050721b un ||||| |||| 00| 0 ukr d
100 _aMcClung
700 _aRobert M.
942 _cBK
040 _aUA-OsUOA
_cUA-OsUOA
_dUA-OsUOA
245 _aTreasures in the Sea.
_bCountry Studies
955 _a2
650 7 _2UDC
999 _c291168
_d291168